|
|
|
|
| LEADER |
01997cam a2200553 a 4500 |
| 001 |
nkc20061663860 |
| 003 |
CZ PrNK |
| 005 |
20250825145150.0 |
| 007 |
ta |
| 008 |
060608s2006 xr acf e 000 0bcze d |
| 015 |
|
|
|a cnb001663860
|
| 020 |
|
|
|a 80-903639-5-4
|q (váz.)
|
| 035 |
|
|
|a (OCoLC)641490288
|
| 040 |
|
|
|a KLG001
|b cze
|d BOA001
|d ABA001
|
| 043 |
|
|
|a e-xr---
|
| 045 |
|
|
|a x-y-
|
| 072 |
|
7 |
|a 32
|x Politika
|2 Konspekt
|9 15
|
| 072 |
|
7 |
|a 929
|x Biografie
|2 Konspekt
|9 8
|
| 080 |
|
|
|a 929
|2 MRF
|
| 080 |
|
|
|a 616-051
|2 MRF
|
| 080 |
|
|
|a 32-051
|2 MRF
|
| 080 |
|
|
|a 316.64
|2 MRF
|
| 080 |
|
|
|a (437.3)
|2 MRF
|
| 080 |
|
|
|a (047.53)
|2 MRF
|
| 080 |
|
|
|a (092)
|2 MRF
|
| 100 |
1 |
|
|a Rath, David,
|d 1965-
|7 nlk19990073763
|4 ive
|
| 245 |
1 |
0 |
|a David Rath nejen o sobě, medicíně a politice /
|c Václav Budinský
|
| 250 |
|
|
|a Vyd. 1.
|
| 260 |
|
|
|a Vimperk :
|b Lucie,
|c c2006
|
| 300 |
|
|
|a 195 s., [21] s. obr. příl. :
|b il. (některé barev.), portréty ;
|c 21 cm
|
| 600 |
1 |
7 |
|a Rath, David,
|d 1965-
|7 nlk19990073763
|2 czenas
|
| 648 |
|
7 |
|a 20.-21. století
|7 ch462155
|2 czenas
|
| 650 |
0 |
7 |
|a lékaři
|7 ph122495
|z Česko
|y 20.-21. století
|2 czenas
|
| 650 |
0 |
7 |
|a politici
|7 ph115781
|z Česko
|y 20.-21. století
|2 czenas
|
| 650 |
0 |
7 |
|a názory a postoje
|7 ph137634
|2 czenas
|
| 650 |
0 |
9 |
|a physicians
|z Czechia
|y 20th-21st centuries
|2 eczenas
|
| 650 |
0 |
9 |
|a politicians
|z Czechia
|y 20th-21st centuries
|2 eczenas
|
| 650 |
0 |
9 |
|a views and attitudes
|2 eczenas
|
| 655 |
|
7 |
|a rozhovory
|7 fd133303
|2 czenas
|
| 655 |
|
7 |
|a biografie
|7 fd131909
|2 czenas
|
| 655 |
|
9 |
|a interviews
|2 eczenas
|
| 655 |
|
9 |
|a biography
|2 eczenas
|
| 700 |
1 |
|
|a Budinský, Václav,
|d 1948-
|7 xx0008777
|4 ivr
|
| 856 |
4 |
1 |
|u http://www.digitalniknihovna.cz/mzk/uuid/uuid:722e1bf0-0775-11e4-b1a4-005056827e52
|y Digitalizovaný dokument
|x NDK
|
| 910 |
|
|
|a BOA001
|b 2-1240.546
|b KPB-0000.514
|
| 990 |
|
|
|a BK
|
| 995 |
|
|
|a 01
|
| 991 |
|
|
|b 201004
|c NOV
|
| 996 |
6 |
|
|b 2610431714
|c 2-1240.546
|l MZK
|r Sklad / do 1 hodiny
|n 3
|p p.v.
|w 001117529
|u 000010
|a 1
|e BOA001
|j MZK50
|s P
|